ՀՀ Գիտությունների ազգային ակադեմիայի հիմնարար գիտական գրադարան  =   Fundamental Scientific Library of NAS RA

Всесоюзная конференция проблемы и пути повышения устойчивости растений к болезням и экстремальным условиям среды в связи с задачами селекции : (Record no. 272528)

MARC details
000 -LEADER
fixed length control field 02041nam a2200253 u 4500
001 - CONTROL NUMBER
control field 000737110
003 - CONTROL NUMBER IDENTIFIER
control field AM-YeHGA
005 - DATE AND TIME OF LATEST TRANSACTION
control field 20250617143257.0
008 - FIXED-LENGTH DATA ELEMENTS--GENERAL INFORMATION
fixed length control field 100519s1981 ai | |||||||||||||rus|d
040 ## - CATALOGING SOURCE
Original cataloging agency AM-YeHGA
041 0# - LANGUAGE CODE
Language code of text/sound track or separate title rus
090 ## - LOCALLY ASSIGNED LC-TYPE CALL NUMBER (OCLC); LOCAL CALL NUMBER (RLIN)
-- 274169
245 00 - TITLE STATEMENT
Title Всесоюзная конференция проблемы и пути повышения устойчивости растений к болезням и экстремальным условиям среды в связи с задачами селекции :
Remainder of title Тезисы докладов /
Statement of responsibility, etc. ВАСХНИЛ; Национал. гр. СССР по участ. в деятел. ЕУКРАПИА; Всесоюз. народ. НИИ растениевод. им. Н.И. Вавилова.
260 ## - PUBLICATION, DISTRIBUTION, ETC.
Place of publication, distribution, etc. Л. :
Name of publisher, distributor, etc. Б. и.,
Date of publication, distribution, etc. 1981.
300 ## - PHYSICAL DESCRIPTION
Extent Част.
505 10 - FORMATTED CONTENTS NOTE
Miscellaneous information Часть 1 (1981, 248 с.) :
Title Устойчивость растений к экстремальным условиям среды /
Statement of responsibility Сост. Е.Н. Алексеева, В.В. Виноградова и др.; Ред. Г.В. Удовенко
Miscellaneous information Часть 2 (1981, 264 с.) :
Title Устойчивость растений к экстремальным условиям среды
Miscellaneous information Часть 3 ( 1981, 232 с .) :
Title Устойчивость растений к болезням
Miscellaneous information Часть 4 (1981, 224 с.) :
Title Устойчивость растений к болезням
650 14 - SUBJECT ADDED ENTRY--TOPICAL TERM
Topical term or geographic name entry element Селекция
700 1# - ADDED ENTRY--PERSONAL NAME
Personal name Алексеева, Е.Н.
Relator term сост.
Relationship com
700 1# - ADDED ENTRY--PERSONAL NAME
Personal name Виноградова, В.В.
Relator term сост
Relationship com
700 1# - ADDED ENTRY--PERSONAL NAME
Personal name Удовенко, Г.В.
Relator term ред.
Relationship edt
710 2# - ADDED ENTRY--CORPORATE NAME
Corporate name or jurisdiction name as entry element Всесоюзная академия сельскохозяйственных наук имени В.И. Ленина
710 2# - ADDED ENTRY--CORPORATE NAME
Corporate name or jurisdiction name as entry element Национальная группа СССР по участию в деятельности ЕУКАРПИА
710 2# - ADDED ENTRY--CORPORATE NAME
Corporate name or jurisdiction name as entry element Всесоюзный научно-исследовательский институт растениеводства им. Н.И. Вавилова
Holdings
Withdrawn status Lost status Damaged status Not for loan Collection Home library Current library Date acquired Serial enumeration / chronology Total checkouts Full call number Barcode Date last seen Price effective from Koha item type Public note
        General Fundamental Scientific Library Fundamental Scientific Library 29/12/2016 Ч. 2   PII/473560 FL0295861 29/12/2016 29/12/2016 Գրքեր / Books 30 Days Loan
        General Fundamental Scientific Library Fundamental Scientific Library 29/12/2016 Ч. 3   PII/473561 FL0295862 29/12/2016 29/12/2016 Գրքեր / Books 30 Days Loan
        General Fundamental Scientific Library Fundamental Scientific Library 29/12/2016 Ч. 4   PII/473562 FL0295863 29/12/2016 29/12/2016 Գրքեր / Books 30 Days Loan


ՀՀ ԳԱԱ հիմնարար գիտական գրադարան
ՀՀ,Երևան 0019
Մարշալ Բաղրամյան 24/6
հեռախոս:(374-10) 52-47-50
Հետադարձ կապ

All site content, except where otherwise noted, is licensed under a
Creative Commons License